<?xml version="1.0" encoding="UTF-8"?>
<record
    xmlns:xsi="http://www.w3.org/2001/XMLSchema-instance"
    xsi:schemaLocation="http://www.loc.gov/MARC21/slim http://www.loc.gov/standards/marcxml/schema/MARC21slim.xsd"
    xmlns="http://www.loc.gov/MARC21/slim">

  <leader>00538nam a22001697a 4500</leader>
  <controlfield tag="005">20230119110448.0</controlfield>
  <controlfield tag="008">190917b        xxu||||| |||| 00| 0 eng d</controlfield>
  <datafield tag="020" ind1=" " ind2=" ">
    <subfield code="a">978-93-87964-94-5</subfield>
  </datafield>
  <datafield tag="041" ind1=" " ind2=" ">
    <subfield code="a">eng</subfield>
  </datafield>
  <datafield tag="100" ind1=" " ind2=" ">
    <subfield code="a">GARG, KRISHNA .  JOSHI, MEDHA  AND  KUNDU, SUDIPTA</subfield>
    <subfield code="9">5091</subfield>
  </datafield>
  <datafield tag="245" ind1=" " ind2=" ">
    <subfield code="a">ANATOMY AND PHYSIOLOGY:THEORY AND PRACTICAL FOR DIPLOMA IN PHARMACY STUDENTS</subfield>
  </datafield>
  <datafield tag="250" ind1=" " ind2=" ">
    <subfield code="a">1st Ed. , 2019</subfield>
  </datafield>
  <datafield tag="260" ind1=" " ind2=" ">
    <subfield code="a">NEW DELHI</subfield>
    <subfield code="b">CBS. PUBLISHERS AND DISTRIBUTORS PVT.LTD</subfield>
  </datafield>
  <datafield tag="300" ind1=" " ind2=" ">
    <subfield code="a">286p, </subfield>
  </datafield>
  <datafield tag="650" ind1=" " ind2=" ">
    <subfield code="a">PHARMACY </subfield>
    <subfield code="x">D.PHARMA</subfield>
    <subfield code="9">7090</subfield>
  </datafield>
  <datafield tag="942" ind1=" " ind2=" ">
    <subfield code="c">BK</subfield>
  </datafield>
  <datafield tag="999" ind1=" " ind2=" ">
    <subfield code="c">5999</subfield>
    <subfield code="d">5997</subfield>
  </datafield>
  <datafield tag="952" ind1=" " ind2=" ">
    <subfield code="0">0</subfield>
    <subfield code="1">0</subfield>
    <subfield code="4">0</subfield>
    <subfield code="7">0</subfield>
    <subfield code="8">PHARMACY</subfield>
    <subfield code="a">JRU</subfield>
    <subfield code="b">JRU</subfield>
    <subfield code="c">Shelf - 23- G</subfield>
    <subfield code="d">2019-09-17</subfield>
    <subfield code="e">PURCHESS</subfield>
    <subfield code="g">325.00</subfield>
    <subfield code="l">5</subfield>
    <subfield code="p">23432</subfield>
    <subfield code="r">2025-03-21 12:37:40</subfield>
    <subfield code="s">2025-02-20</subfield>
    <subfield code="w">2019-09-17</subfield>
    <subfield code="y">BK</subfield>
  </datafield>
  <datafield tag="952" ind1=" " ind2=" ">
    <subfield code="0">0</subfield>
    <subfield code="1">0</subfield>
    <subfield code="4">0</subfield>
    <subfield code="7">0</subfield>
    <subfield code="8">PHARMACY</subfield>
    <subfield code="a">JRU</subfield>
    <subfield code="b">JRU</subfield>
    <subfield code="c">Shelf - 23- G</subfield>
    <subfield code="d">2019-09-17</subfield>
    <subfield code="e">PURCHESS</subfield>
    <subfield code="g">325.00</subfield>
    <subfield code="l">9</subfield>
    <subfield code="m">3</subfield>
    <subfield code="p">23433</subfield>
    <subfield code="r">2025-12-04 10:43:46</subfield>
    <subfield code="s">2025-11-20</subfield>
    <subfield code="w">2019-09-17</subfield>
    <subfield code="y">BK</subfield>
  </datafield>
  <datafield tag="952" ind1=" " ind2=" ">
    <subfield code="0">0</subfield>
    <subfield code="1">0</subfield>
    <subfield code="4">0</subfield>
    <subfield code="7">0</subfield>
    <subfield code="8">PHARMACY</subfield>
    <subfield code="a">JRU</subfield>
    <subfield code="b">JRU</subfield>
    <subfield code="c">Shelf - 23- G</subfield>
    <subfield code="d">2019-09-17</subfield>
    <subfield code="e">PURCHESS</subfield>
    <subfield code="g">325.00</subfield>
    <subfield code="l">14</subfield>
    <subfield code="m">2</subfield>
    <subfield code="p">23434</subfield>
    <subfield code="r">2025-09-24 11:50:42</subfield>
    <subfield code="s">2025-09-16</subfield>
    <subfield code="w">2019-09-17</subfield>
    <subfield code="y">BK</subfield>
  </datafield>
  <datafield tag="952" ind1=" " ind2=" ">
    <subfield code="0">0</subfield>
    <subfield code="1">0</subfield>
    <subfield code="4">0</subfield>
    <subfield code="7">0</subfield>
    <subfield code="8">REF</subfield>
    <subfield code="a">JRU</subfield>
    <subfield code="b">JRU</subfield>
    <subfield code="c">Shelf - 23- G</subfield>
    <subfield code="d">2019-09-17</subfield>
    <subfield code="e">PURCHESS</subfield>
    <subfield code="g">325.00</subfield>
    <subfield code="l">13</subfield>
    <subfield code="m">1</subfield>
    <subfield code="p">23435</subfield>
    <subfield code="r">2025-12-09 07:57:25</subfield>
    <subfield code="s">2025-12-04</subfield>
    <subfield code="w">2019-09-17</subfield>
    <subfield code="y">BK</subfield>
  </datafield>
</record>
